00331nam a2200097Ia 4500008004100000245008100041245004200122260000900164650001200173856004800185171204s9999 xx 000 0 und d aElection 2007: The Shift to Limited Preferential Voting in Papua New Guinea: cNicole Haley, R.J. May, and Ray Anere c2013 xHistory uhttp://down.ebook777.com/063/1922144290.pdf